000 01137cab a2200205 4500
001 L135817
008 061212n2006 000 0 eng u
035 _a(Sirsi) u135817
041 0 _aeng
100 1 _aHeaps, Patrick
245 0 0 _aAt last
_bretail warehouse market round-up
260 _c2006
490 0 _aJournal of Retail and Leisure Property
_v5(4)October 2006, 338-340(3)
520 _aFocuses on the latest retail activity and the current investment market. Retail warehousing has outperformed all other property markets in the last ten years in yielding greater returns on investments. The market is maturing in many respects. Investors are becoming more discerning, and have heightened requirements in the fields of retail warehouse management, commercialisation and marketing, and in receiving advice from specialist consultants. Retailers are making more diverse demands regarding the utilisation of space, flexibility of use and store design and signage taking.
590 _aKA
651 4 _aUnited Kingdom
_y
690 _aPROPERTY-COMMERCIAL PROPERTY-RETAIL PROPERTY
700 1 _aMather, Jonathan
942 _n0
999 _c78012
_d78012